| 000 | 02908 a2200277 4500 | ||
|---|---|---|---|
| 003 | Nust | ||
| 005 | 20170207154050.0 | ||
| 010 | _a 2008045377 | ||
| 020 | _a0838909817 (alk. paper) | ||
| 020 | _a9780838909812 (alk. paper) | ||
| 035 | _a(OCoLC)ocn268957315 | ||
| 040 | _cNust | ||
| 082 | 0 | 0 | _a020.710973 |
| 245 | 0 | 0 |
_aService learning :linking library education and practice(E-BOOK) _cedited by Loriene Roy, Kelly Jensen, and Alex Hershey Meyers. |
| 260 |
_aChicago : _bAmerican Library Association, _c2009. |
||
| 300 |
_axii, 220 p. : _bill. ; _c23 cm. |
||
| 505 | 0 | _aA brief history of service learning in LIS / Lorna Peterson -- Human rights as a framework for reflection in service learning : "para que otro mundo es posible" / Kathleen de la Pe䮡 McCook -- Beyond service learning : toward community schools and reflective community learners / Ann Bishop, Bertram C. Bruce, and Sunny Jeong -- Service learning from three perspectives : administrative, faculty, and student / Rae-Anne Montague, Martin Wolske, and Beth Larkee -- Experiential education : the student role and experience / Sara Albert and A. Arro Smith -- The school library media practicum as service education / Johan Koren -- Service learning and international students / Gilok Choi -- Service learning connecting diverse communities and LIS students and faculty / Loriene Roy -- Puentes de la comunidad : exploring the impact of LIS service learning on library services to Latino youth in the Carolinas / Jamie Campbell Naidoo -- Highlights of service learning experiences in selected LIS programs / Sara Albert -- Working from within : critical service learning as core learning in the MLIS curriculum / Clara M. Chu -- Cultural heritage initiatives at the University of Michigan School of Information / C. Olivia Frost -- The Internet public library as service-based experiential learning / Denise E. Agosto ... [et al.] -- A road map for integrating socially relevant research projects into a required library and information science course : from a service model to community engagement / Bharat Mehra -- LIS students as community partners in elective courses : applying community-based action research to meet the needs of underserved populations / Bharat Mehra and Robert J. Sandusky -- Virtual worlds : new spaces for service learning / Joe Sanchez -- Evaluation of field-based experiences and assessment of student learning / Gary Geisler and Elaine Yontz -- Practicum and internship experiences in LIS education : a perspective from ALA emerging leaders / Molly Krichten, Sarah Stohr, and Stefanie Warlick. | |
| 650 | 0 |
_aLibrary education _zUnited States. |
|
| 650 | 0 |
_aLibrary schools _xCurricula _zUnited States. |
|
| 650 | 0 |
_aLibrary science _xFieldwork. |
|
| 650 | 0 |
_aService learning _zUnited States. |
|
| 651 | _aE-BOOK | ||
| 700 | 1 | _aJensen, Kelly. | |
| 700 | 1 | _aMeyers, Alex Hershey. | |
| 700 | 1 | _aRoy, Loriene. | |
| 942 |
_2ddc _cBK |
||
| 999 |
_c193075 _d193075 |
||